Ulises Francisco Espaillat / (Registro nro. 7851)

Detalles MARC
000 -LIDER
fixed length control field 01470nam a2200337 a 4500
001 - NÚMERO DE CONTROL
Identificador de número de control 000000708
003 - IDENTIFICACDOR DE NÚMERO DE CONTROL
control field DO-SdBNP
005 - DATE AND TIME OF LATEST TRANSACTION
control field 20180323092036.0
007 - CAMPOS FIJOS DE DESCRIPCIÓN FÍSICA
fixed length control field 000000708
008 - ELEMENTOS DE LONGITUD FIJA
fixed length control field 090422s2006 dr a 000 0bspa d
020 ## - ISBN
Canceled/invalid ISBN 9993410101
040 ## - FUENTE DE CATALOGACIÓN
Agencia que crea de manera original el registro BPMSU
Idioma de catalogación spa
Agencia que realiza la transcripción BPMSU
082 ## - NÚMERO DE CLASIFICACIÓN DECIMAL DE DEWEY
Classification number 923.57293
Item number E77C, 2006
100 1# - ASIENTO PRINCIPAL -- NOMBRE PERSONAL
Nombre personal Cassá, Roberto
245 10 - MENCIÓN DE TITULO
Título Ulises Francisco Espaillat /
Mención de responsabilidad Roberto Cassá.
250 ## - MENCIÓN DE EDICION
Mención de edición 2a ed.
260 ## - PUBLICACIÓN, DISTRIBUCIÓN, ETC. (PIE DE IMPRENTA)
Lugar de publicación, distribución, etc Santo Domingo :
Nombre del editor, distribuidor, etc. Tobogán,
Fecha de publicación, distribución, etc 2006.
300 ## - DESCRIPCIÓN FÍSICA
Extensión 59 p. :
Otros detalles físicos il. ;
Dimensiones 20 cm.
490 1# - MENCIÓN DE SERIES
Mención de serie Biografías dominicanas Tobogán
505 1# - NOTA DE CONTENIDO
Título Significado como intelectual liberal --
-- Orígenes familiares y juventud --
-- Primeras actividades políticas --
-- Por un sistema federal en la revolución de 1857 --
-- Eminencia gris de la restauración --
-- Sobre el remolino --
-- El ideario democrático y nacional --
-- Elección a la presidencia --
-- Planes gubernamentales --
-- Hostilidad de los caudillos --
-- Caída de la presidencia --
-- Bibliografía.
600 14 - ENCABEZAMIENTO DE MATERIA--NOMBRE PERSONAL
Nombre personal ESPAILLAT, ULISES FRANCISCO,
Fechas asociadas con el nombre 1823-1878
651 #4 - ENCABEZAMIENTO DE MATERIA--NOMBRE GEOGRÁFICO
Nombre geográfico REPÚBLICA DOMINICANA
Subdivisión temática general HISTORIA
Subdivisión cronológica RESTAURACIÓN, 1863-1865
651 #4 - ENCABEZAMIENTO DE MATERIA--NOMBRE GEOGRÁFICO
Nombre geográfico REPÚBLICA DOMINICANA
Subdivisión temática general BIOGRAFÍAS
830 #0 - ASIENTO SECUNDARIO DE SERIE--TÍTULO UNIFORME
Título uniforme Biografías dominicanas Tobogán
910 ## - VALIDACIÓN
Validación Validado. Control de calidad MFF
942 ## - ADDED ENTRY ELEMENTS (KOHA)
Source of classification or shelving scheme Dewey Decimal Classification
Koha item type Libros
945 ## - INFORMACIÓN DE PROCESAMIENTO LOCAL
Información de procesamiento local Inventariado, 2017/MFF
956 ## - LOCAL ELECTRONIC LOCATION AND ACCESS (OCLC)
Nombre de host YPOLANCO
Número de acceso 04
Información de compresión 20110426
Inicio de sesión BND01
Procesador de solicitud 1530
956 ## - LOCAL ELECTRONIC LOCATION AND ACCESS (OCLC)
Nombre de host TMEREDITH
Número de acceso 10
Información de compresión 20120203
Inicio de sesión BND01
Procesador de solicitud 0951
956 ## - LOCAL ELECTRONIC LOCATION AND ACCESS (OCLC)
Nombre de host VMATEO
Número de acceso 10
Información de compresión 20150511
Inicio de sesión BMET02
Procesador de solicitud 00151
Existencias
Withdrawn status Lost status Source of classification or shelving scheme Damaged status Not for loan Collection code Home library Current library Date acquired Total Checkouts Full call number Barcode Date last seen Price effective from Koha item type Copy number
    Dewey Decimal Classification     Colección Dominicana Biblioteca Pública Metropolitana Salomé Ureña Biblioteca Pública Metropolitana Salomé Ureña 05/11/2015   923.57293 E77C 2006 BPMSU15051666 05/11/2015 05/11/2015 Libros  
    Dewey Decimal Classification     Colección Dominicana Biblioteca Pública Metropolitana Salomé Ureña Biblioteca Pública Metropolitana Salomé Ureña 05/11/2015   923.57293 E77C 2006 BPMSU15051667 05/11/2015 05/11/2015 Libros e. 2
    Dewey Decimal Classification     Colección Dominicana Biblioteca Pública Metropolitana Salomé Ureña Biblioteca Pública Metropolitana Salomé Ureña 05/11/2015   923.57293 E77C 2006 BPMSU15051668 05/11/2015 05/11/2015 Libros e. 3